
Library Catalogue

| 000 -LEADER | |
|---|---|
| fixed length control field | 00491nam a2200157Ia 4500 |
| 008 - FIXED-LENGTH DATA ELEMENTS--GENERAL INFORMATION | |
| fixed length control field | 160316s1992 xxu||||| |||| 00| 0 eng d |
| 082 ## - DEWEY DECIMAL CLASSIFICATION NUMBER | |
| Classification number | 305.800000 |
| Item number | BER |
| 100 ## - MAIN ENTRY--PERSONAL NAME | |
| Personal name | Berque Jacques |
| 245 ## - TITLE STATEMENT | |
| Title | New minority groups in the citadel of Europe |
| 250 ## - EDITION STATEMENT | |
| Edition statement | |
| 260 ## - PUBLICATION, DISTRIBUTION, ETC. | |
| Place of publication, distribution, etc. | Strasbourg |
| Name of publisher, distributor, etc. | Councill of Europe |
| Date of publication, distribution, etc. | 1992 |
| 300 ## - PHYSICAL DESCRIPTION | |
| Extent | 57p |
| Other physical details | |
| Dimensions | |
| 365 ## - TRADE PRICE | |
| Price amount | |
| 650 ## - SUBJECT ADDED ENTRY--TOPICAL TERM | |
| Topical term or geographic name entry element | 1. Monitoring Groups - Intercultural - European Cities<br/>2. MIgrants - Education - Cultural Development - Europe |
| 700 ## - ADDED ENTRY--PERSONAL NAME | |
| Personal name | |
| -- | |
| Withdrawn status | Lost status | Damaged status | Not for loan | Home library | Current library | Shelving location | Date acquired | Total Checkouts | Full call number | Barcode | Date last seen | Price effective from | Koha item type |
|---|---|---|---|---|---|---|---|---|---|---|---|---|---|
| . | . | Doc Centre (Journal Section) | 30.05.2017 | 305.8 BER | REP1115 | 30.05.2017 | 30.05.2017 | Repository |